A Practical Introduction to Mixed Methods for Business and Management (Record no. 83412)
[ view plain ]
| 000 -LEADER | |
|---|---|
| fixed length control field | 00368nam a22001337a 4500 |
| 003 - CONTROL NUMBER IDENTIFIER | |
| control field | URS |
| 005 - DATE AND TIME OF LATEST TRANSACTION | |
| control field | 20250703091541.0 |
| 040 ## - CATALOGING SOURCE | |
| Transcribing agency | URS |
| 050 ## - LIBRARY OF CONGRESS CALL NUMBER | |
| Classification number | HD 30.4 B39 2019 |
| 100 ## - MAIN ENTRY--PERSONAL NAME | |
| Personal name | Bazeley, Pat |
| Relator term | Author |
| 245 ## - TITLE STATEMENT | |
| Title | A Practical Introduction to Mixed Methods for Business and Management |
| 260 ## - PUBLICATION, DISTRIBUTION, ETC. | |
| Place of publication, distribution, etc. | Thousand Oaks, CA: |
| Name of publisher, distributor, etc. | SAGE Publications Ltd, |
| Date of publication, distribution, etc. | [2018] |
| 942 ## - ADDED ENTRY ELEMENTS (KOHA) | |
| Source of classification or shelving scheme | Library of Congress Classification |
| Koha item type | Foreign Books |
| Withdrawn status | Source of classification or shelving scheme | Damaged status | Not for loan | Collection code | Home library | Current library | Date acquired | Total Checkouts | Full call number | Barcode | Date last seen | Price effective from | Koha item type |
|---|---|---|---|---|---|---|---|---|---|---|---|---|---|
| Library of Congress Classification | Non-fiction | Binangonan College Library | Binangonan College Library | 07/03/2025 | HD 30.4 B39 2019 | URSBIN-03140 | 07/03/2025 | 07/03/2025 | Foreign Books |